| 000 | 00377nam a2200157Ia 4500 | ||
|---|---|---|---|
| 008 | 230312s9999||||xx |||||||||||||| ||und|| | ||
| 020 | _a2-940411-38-2 | ||
| 082 |
_a720 _bLOC-E |
||
| 100 | _aLocker;Pam | ||
| 245 | 0 | _aExhibition Design | |
| 260 |
_bAVA Books _aSwitzerland _c2011 |
||
| 300 | _a175 | ||
| 546 | _aEng. | ||
| 650 |
_aArchitecture _vExhibition Design |
||
| 942 | _cBK | ||
| 999 |
_c8270 _d8270 |
||